MARC детайли
| 000 -Лидер |
| Контролно поле с фиксирана дължина |
02533njm a2200493 a 4500 |
| 003 - Код на организацията, давaща контролен номер |
| Контролно поле |
BLK |
| 005 - Дата и час на последна редакция |
| Контролно поле |
20241004101643.0 |
| 008 - Елементи от данни с фиксирана дължина |
| fixed length control field |
180410b bul||n||s|||||||| n|bulo| |
| 010 ## - Наследен системен номер |
| LC control number |
CDD00000639000 |
| 040 ## - Източник на каталожния запис |
| Идентификатор на билиотеката - собственик на записа |
BLK |
| 041 ## - Код за език |
| Код за езика на текст/звукозапис или на отделно заглавие |
Немски |
| Код за езика КДБФ |
Немски |
| 080 ## - УДК |
| Текстов определител УДК |
Камерна музика. Музика за няколко солови инструмента - дует, трио, квартет, квинтет, секстет, септет, нонет и др. |
| УДК код - определител по УДК |
785.7 |
| УДК - код + определител |
785.7 |
| 080 ## - УДК |
| Текстов определител УДК |
Валдхорна |
| УДК код - определител по УДК |
788.42 |
| УДК - код + определител |
788.42 |
| 080 ## - УДК |
| Текстов определител УДК |
Концерт за валдхорна и оркестър |
| УДК код - определител по УДК |
785.6:788.42 |
| УДК - код + определител |
785.6:788.42 |
| 100 1# - Редна дума - Автор |
| Автор |
Щраус, Рихард |
| Дати, свързани с автора |
1864 - 1949 |
| R(LIN) |
144682 |
| 139 ## - Редно поле |
| Редна дума |
Щраус, Рихард |
| Авторски знак |
Щр - Щ 54 |
| 245 10 - Сведения за заглавието |
| Заглавие |
Complete Chamber Music [CD аудио] |
| Подзаглавни данни |
CD 1-9 |
| Редно поле (дума) |
Рихард Щраус; Richard Strauss. |
| Том |
CD 3 |
| 257 ## - Страна на издаване |
| Страна на създаване/издаване |
Германия |
| 260 ## - Област на издателските данни |
| Име на издателя, разпространителя и проч. |
Arts Music |
| Година на издаване |
2008 |
| 300 ## - Физическа характеристика |
| Размери/Мащаб |
12 cm. |
| Тип мерна единица |
бр. в к-т |
| Количество на мерната единица |
1 CD |
| 380 ## - Жанр |
| Жанр |
Изкуство |
| 505 ## - Форматирана забележка |
| Подзаглавни данни |
Es-Dur оп. 11 |
| Авторската отговорност |
пиано Wolfgang Sawallisch; валдхорна Johannes Ritzkowsky. |
| Заглавие |
Konzert fur Waldorn und mit Orchester- oder Klavierbegleitung N. 1 |
| 505 ## - Форматирана забележка |
| Подзаглавни данни |
Es-Dur : Fassung fur Horn und zwei Klaviere AV132 |
| Авторската отговорност |
пиано Barton Weber; валдхорна Johannes Ritzkowsky; пиано Wolfgang Sawallisch. |
| Заглавие |
Zweites Konzert fur Horn und Orchester |
| 505 ## - Форматирана забележка |
| Подзаглавни данни |
AV86A |
| Авторската отговорност |
валдхорна Johannes Ritzkowsky; пиано Wolfgang Sawallisch. |
| Заглавие |
Andante fur Horn und Klavier |
| 505 ## - Форматирана забележка |
| Подзаглавни данни |
Es-Dur : Fassung fur Klavier оп. 7 |
| Авторската отговорност |
пиано Wolfgang Sawallisch. |
| Заглавие |
Serenade fur 13 Blasinstrumente |
| 505 ## - Форматирана забележка |
| Подзаглавни данни |
AV81/177 |
| Авторската отговорност |
пиано Wolfgang Sawallisch; пиано Gitti Pirner. |
| Заглавие |
14 Improvistionen und Fuge uber ein Originalthema fur Pianoforte zu zwei handen |
| 505 ## - Форматирана забележка |
| Подзаглавни данни |
AV57 |
| Авторската отговорност |
пиано Wolfgang Sawallisch. |
| Заглавие |
Aus alter Zeit : Eine kleine Gavotte fur Klavier |
| 650 #4 - Допълнително описание по предмет – тема |
| Основно описание – тема или топоним |
Камерна музика - дует |
| 9 (RLIN) |
353795 |
| 650 #4 - Допълнително описание по предмет – тема |
| Основно описание – тема или топоним |
Валдхорна - концерти |
| 9 (RLIN) |
353188 |
| 653 ## - Ключова дума – ненормативна |
| Ключова дума |
камерна музика |
| 653 ## - Ключова дума – ненормативна |
| Ключова дума |
концерти |
| 653 ## - Ключова дума – ненормативна |
| Ключова дума |
валдхорни |
| 653 ## - Ключова дума – ненормативна |
| Ключова дума |
фуги |
| 653 ## - Ключова дума – ненормативна |
| Ключова дума |
гавоти |
| 700 ## - Други автори (авторска отговорност) |
| Лично име |
Strauss, Richard |
| Автороска отговорност (Описва отношението между автора и произведението) |
първи автор |
| 9 (RLIN) |
1299 |
| 760 1# - Описание на основната серия |
| Редна дума на основното описание |
Щраус, Рихард |
| Страници - том |
57мин. 23сек. |
| Заглавие |
CD 3 |
| 852 ## - Местоположение |
| Форматна сигнатура |
Цб CD 2087 |
| Част |
6 |
| 856 4# - Електронен адрес и достъп |
| Електронен формат |
pdf - файл |
| Път до файла /url/ |
|
| Инструкция (цена за достъп) |
0.00 |
| Права за достъп |
disable |
| 856 4# - Електронен адрес и достъп |
| Електронен формат |
pdf - файл |
| Път до файла /url/ |
|
| Инструкция (цена за достъп) |
0.00 |
| Права за достъп |
disable |
| 999 ## - СИСТЕМНИ КОНТРОЛНИ НОМЕРА |
| Koha biblionumber |
217020 |
| Koha biblioitemnumber |
217020 |
| 942 ## - АРТИКУЛИ |
| Вид на библиотечния материал |
Компактдискове |
| Скрит в OPAC |
Не |
| Периодичен библиозапис |
Да |
| 944 ## - СЪЗДАВАНЕ И РЕДАКЦИЯ на ЗАПИСА |
| Създаване/Редакция |
Създаване |
| Дата на регистрацията/редакция |
15.01.2009 |
| Служител, извършил регистрацията/редакцията |
30560 |
| Статус, дата на статуса |
Геновева Генчева |
| 944 ## - СЪЗДАВАНЕ И РЕДАКЦИЯ на ЗАПИСА |
| Създаване/Редакция |
Редакция |
| Дата на регистрацията/редакция |
15.01.2009 |
| 999 ## - СИСТЕМНИ КОНТРОЛНИ НОМЕРА |
| Koha biblioitemnumber |
217020 |